Sri Aurobindo and the sonnet tradition : (Record no. 153618)

MARC details
000 -LEADER
fixed length control field 00571nam a22001817a 4500
005 - DATE AND TIME OF LATEST TRANSACTION
control field 20180709114410.0
010 ## - LCCN (DPL NO)
LC control number ENG-123406
020 ## - INTERNATIONAL STANDARD BOOK NUMBER
International Standard Book Number 9788188286782
Terms of availability 495.00
035 ## - SYSTEM CONTROL NUMBER
System control number EN-106938
037 ## - SOURCE OF ACQUISITION
Source of stock number/acquisition DBAD/PUB.
082 ## - DEWEY DECIMAL CLASSIFICATION NUMBER
Classification number 881.91
100 ## - MAIN ENTRY--PERSONAL NAME
Personal name Rattan, P.L.
245 ## - TITLE STATEMENT
Title Sri Aurobindo and the sonnet tradition :
Statement of responsibility, etc P.L. Rattan
260 ## - PUBLICATION, DISTRIBUTION, ETC. (IMPRINT)
Place of publication, distribution, etc New Delhi
Name of publisher, distributor, etc North India Publishers and Distributors (Vendor)
Date of publication, distribution, etc 2017
270 ## - ADDRESS
Address Rabindra Bhavan, 35, Ferozshah Road
City Delhi
Postal code 110090
300 ## - PHYSICAL DESCRIPTION
Extent 168p.
Dimensions 21cm.(Hb)
942 ## - ADDED ENTRY ELEMENTS (KOHA)
Institution code [OBSOLETE] dpl
Item type English Books
Source of classification or shelving scheme Dewey Decimal Classification
Classification part 881.91
Call number suffix RAT
Holdings
Withdrawn status Lost status Not for loan Collection code Home library Current library Date acquired Source of acquisition Cost, normal purchase price Full call number Barcode Copy number Cost, replacement price Koha item type
    Not For Loan Non-fiction D.B.Act.Division Central Library 09/07/2018 DBAD/PUB 495.00 881.91 RAT EN-106938 1 495.00 English Books

© Delhi Public Library
Hit Counter
free hit counter